00362 a2200145 4500003000400000005001700004008004100021020001800062040000900080082001500089100003100104245003900135260003200174300001000206OSt20231007143829.0231007b |||||||| |||| 00| 0 eng d a9781526653475 coclc a823bGUR/P1 aGurnah, Abdulrazak,d1948- aPilgrims way / cAbdulrazak Gurnah aLondon:bBloomsbury,c2023. a291 p